Les meilleurs joueurs sur FIFA 19 - Statistiques

Statistiques générales
  • Ce quiz a été pris 696 fois
    467 depuis la dernière actualisation
  • Le résultat moyen est 20 sur 26
Statistiques - réponses
Note Joueurs Club % Correct
94 Lionel Messi FC Barcelone
100%
94 Cristiano Ronaldo Juventus
99%
92 Neymar Jr Paris Saint-Germain
97%
89 Antoine Griezmann Atletico Madrid
92%
91 Kevin de Bruyne Manchester City
91%
91 Luka Modrić Real Madrid
90%
89 Harry Kane Tottenham
86%
90 Toni Kroos Real Madrid
86%
91 Sergio Ramos Real Madrid
85%
91 Luis Suárez FC Barcelone
84%
91 Eden Hazard Chelsea
83%
90 Jan Oblak Atletico Madrid
82%
90 Robert Lewandowski Bayern Munich
82%
90 Manuel Neuer Bayern Munich
81%
90 Thibaut Courtois Real Madrid
81%
91 David de Gea Manchester United
77%
89 Sergio Agüero Manchester City
71%
89 Edinson Cavani Paris Saint-Germain
70%
89 David Silva Manchester City
66%
89 N'Golo Kanté Chelsea
63%
90 Diego Godín Atletico Madrid
61%
89 Marc-André ter Stegen FC Barcelone
60%
89 Paulo Dybala Juventus
58%
89 Giorgio Chiellini Juventus
57%
89 Mats Hummels Bayern Munich
35%
89 Isco Real Madrid
32%
Aucun quiz correspondant
Distribution des résultats
% des personnes avec chaque résultat
Percentile par nombre de réponses
Votre historique - résultats
Vous n’avez pas pris ce quiz depuis la dernière actualisation